Sistemas de arriostramiento en estructuras metálicas industriales

Đã lưu trong:
Chi tiết về thư mục
Tác giả chính: Pérez Mejía, Carlos Isaac
Định dạng: Sách
Được phát hành: [San José , Costa Rica] 1982
Những chủ đề:
Các nhãn: Thêm thẻ
Không có thẻ, Là người đầu tiên thẻ bản ghi này!

MARC

LEADER 00000nam a2200000Ia 4500
003 004369
005 20221231144422.0
008 140114s1982 c a m 000 ||s d
040 |c cru CEDI 
090 |a TFG 1263 
100 |a Pérez Mejía, Carlos Isaac  |9 15447 
245 |a Sistemas de arriostramiento en estructuras metálicas industriales 
260 |c 1982  |a  [San José , Costa Rica] 
300 |a  156 hojas : ilustraciones ; 28 cm  
500 |a Proyecto de graduación (ingeniero civil)--Universidad de Costa Rica. Facultad de Ingeniería. Escuela de Ingeniería Civil 
650 |x ESTRUCTURAS METALICAS  |9 15449 
942 |c TFG  |2 ddc 
999 |c 21601  |d 21601